| 000 | 00677cam a22002175a 4500 | ||
|---|---|---|---|
| 001 | 17908544 | ||
| 005 | 20161019134651.0 | ||
| 008 | 131018s2014 enka frb 001 0 eng d | ||
| 020 | _a9781848216594 | ||
| 040 |
_aDLC _beng _cDLC _dDLC _dEG-ScBUE |
||
| 082 | 0 | 4 |
_222 _a004 _bINF |
| 245 | 0 | 0 |
_aInformation evaluation / _cedited by Philippe Capet, Thomas Delavallade. |
| 260 |
_aLondon : _bISTE ; _aHoboken : _bJohn Wiley & Sons, _c2014. |
||
| 300 |
_axxxv, 300 p. : _bill. ; _c24 cm. |
||
| 500 | _aIndex : p. [296]-300. | ||
| 504 | _aIncludes bibliographical references. | ||
| 650 | 0 |
_2BUEsh _aData integrity. |
|
| 651 | _2BUEsh | ||
| 653 |
_bCOMSCI _cOctober2016 |
||
| 942 | _2ddc | ||
| 999 |
_c22723 _d22695 |
||